Lonely planet: India (Record no. 35925)
[ view plain ]
| 000 -LEADER | |
|---|---|
| fixed length control field | 00543 a2200205 4500 |
| 003 - CONTROL NUMBER IDENTIFIER | |
| control field | IN-BaIIA |
| 005 - DATE AND TIME OF LATEST TRANSACTION | |
| control field | 20220802171251.0 |
| 008 - FIXED-LENGTH DATA ELEMENTS--GENERAL INFORMATION | |
| fixed length control field | 220802b ||||| |||| 00| 0 eng d |
| 020 ## - INTERNATIONAL STANDARD BOOK NUMBER | |
| International Standard Book Number | 978-1-78868-387-6 |
| 040 ## - CATALOGING SOURCE | |
| Transcribing agency | IIA Library |
| 080 ## - UNIVERSAL DECIMAL CLASSIFICATION NUMBER | |
| Universal Decimal Classification number | 036(540)/ BIN |
| 100 ## - MAIN ENTRY--PERSONAL NAME | |
| Personal name | Bindloss, Joe |
| 9 (RLIN) | 37321 |
| 245 ## - TITLE STATEMENT | |
| Title | Lonely planet: India |
| Statement of responsibility, etc. | Bindloss, Joe |
| 250 ## - EDITION STATEMENT | |
| Edition statement | 19th ed. |
| 260 ## - PUBLICATION, DISTRIBUTION, ETC. | |
| Name of publisher, distributor, etc. | Lonely Planet Global Limited |
| Date of publication, distribution, etc. | 2022 |
| Place of publication, distribution, etc. | Cartlon, Victoria |
| 300 ## - PHYSICAL DESCRIPTION | |
| Extent | 1253p. |
| 650 ## - SUBJECT ADDED ENTRY--TOPICAL TERM | |
| Source of heading or term | India-guidebook |
| 650 ## - SUBJECT ADDED ENTRY--TOPICAL TERM | |
| Source of heading or term | Lonely planet |
| 942 ## - ADDED ENTRY ELEMENTS (KOHA) | |
| Source of classification or shelving scheme | Universal Decimal Classification |
| Koha item type | Books |
| Withdrawn status | Lost status | Source of classification or shelving scheme | Damaged status | Not for loan | Home library | Current library | Shelving location | Date acquired | Source of acquisition | Cost, normal purchase price | Total Checkouts | Full call number | Barcode | Date last seen | Date last checked out | Cost, replacement price | Price effective from | Koha item type |
|---|---|---|---|---|---|---|---|---|---|---|---|---|---|---|---|---|---|---|
| Universal Decimal Classification | IIA Library-Bangalore | IIA Library-Bangalore | General Stacks | 20/07/2022 | 7 | 2396.00 | 1 | 036(540)/ BIN | 20513 | 26/12/2024 | 11/11/2024 | 2818.45 | 20/07/2022 | Books |